LIBRARY & INFORMATION CENTRE, KCAET, TAVANUR

ONLINE PUBLIC ACCESS CATALOGUE (OPAC)

Sasyasamrakshanam (Record no. 17471)

MARC details
000 -LEADER
fixed length control field 00240nam a22001097a 4500
003 - CONTROL NUMBER IDENTIFIER
control field OSt
008 - FIXED-LENGTH DATA ELEMENTS--GENERAL INFORMATION
fixed length control field 211204b ||||| |||| 00| 0 eng d
082 ## - DEWEY DECIMAL CLASSIFICATION NUMBER
Classification number 632
Item number JOS/SA
100 ## - MAIN ENTRY--AUTHOR NAME
Personal name Joseph , k k
245 ## - TITLE STATEMENT
Title Sasyasamrakshanam
942 ## - ADDED ENTRY ELEMENTS (KOHA)
Koha item type Books
Holdings
Withdrawn status Lost status Damaged status Home library Current library Date acquired Full call number Accession Number Koha item type
    Damaged KAUAET KAUAET 04/12/2021 632 JOS/SA 13164 Books
free website counter